Antología del Cuento Chileno

保存先:
書誌詳細
フォーマット: 図書
言語:Undetermined
出版事項: Santiago, Chile Universitaria 1974
主題:
タグ: タグ追加
タグなし, このレコードへの初めてのタグを付けませんか!

MARC

LEADER 00000nam a2200000Ia 4500
008 170316s9999 xx 000 0 und d
040 |a cru BVZT 
090 |a A-860 A-1.1a 
245 |a Antología del Cuento Chileno 
260 |a Santiago, Chile 
260 |b Universitaria 
260 |c 1974 
300 |a 341 páginas. 
650 |a LITERATURA LATINOAMERICANA 
650 |a ANTOLOGÍA 
999 |c 12464  |d 12464 
942 |c 15 D  |h A-860 A-1.1a  |2 z